| 000 | 00958nam a2200241Ia 4500 | ||
|---|---|---|---|
| 005 | 20250108125146.0 | ||
| 008 | 008 250107s9999 xx 000 0 hin d | ||
| 020 | _a978-93-95009-01-0 | ||
| 037 | _aTB | ||
| 040 |
_aCRL _bhin _cCRL |
||
| 041 |
_asin _2hin |
||
| 084 | _aZ0aΔ R3 | ||
| 084 | _qCRL | ||
| 100 | _aदेवी नागरानी, ले. | ||
| 245 | 0 |
_aसमीक्षात्मक अनुभूतियॉं: सिन्धी अनुदित साहित्य पर विचार विमर्श _cदेवी नागरानी, ले. |
|
| 260 |
_aनोएडा, भारत _bइंडिया नेटबुक्स प्राइवेट लिमिटेड _c3494 |
||
| 300 | _a155पृ0 | ||
| 365 |
_aINR _b3000 |
||
| 546 | _aTraslated from Sindhi to Hindi | ||
| 650 | _aसिन्धी साहित्य | ||
| 942 |
_cTB _hZ0aΔ R3 |
||
| 999 |
_c1235882 _d1235882 |
||